क्रान्तिदूत बिरसा मुण्डा / (Record no. 57721)
[ view plain ]
| 000 -LEADER | |
|---|---|
| fixed length control field | 02439nam a22003377a 4500 |
| 005 - DATE AND TIME OF LATEST TRANSACTION | |
| control field | 2010101908158.0 |
| 008 - FIXED-LENGTH DATA ELEMENTS--GENERAL INFORMATION | |
| fixed length control field | 101019t xxu||||| |||| 00| 0 hin d |
| 010 ## - LCCN (DPL NO) | |
| LC control number | HIN-94303 B-477788-790 |
| 020 ## - INTERNATIONAL STANDARD BOOK NUMBER | |
| Terms of availability | 250.00 |
| International Standard Book Number | 97881910721 |
| 035 ## - SYSTEM CONTROL NUMBER | |
| System control number | HN-66649 B-477788-790 |
| 037 ## - SOURCE OF ACQUISITION | |
| Source of stock number/acquisition | DBAD / PUB |
| 040 ## - CATALOGING SOURCE | |
| Original cataloging agency | DPL |
| Language of cataloging | HN |
| 082 ## - DEWEY DECIMAL CLASSIFICATION NUMBER | |
| Classification number | 920 |
| 100 ## - MAIN ENTRY--PERSONAL NAME | |
| 9 (RLIN) | 23632 |
| Personal name | शर्मा,पवित्र कुमार |
| 245 ## - TITLE STATEMENT | |
| Title | क्रान्तिदूत बिरसा मुण्डा / |
| Statement of responsibility, etc | पवित्र कुमार शर्मा |
| Remainder of title | झारखण्ड के क्रान्तिदूत की जीवन गाथा |
| 260 ## - PUBLICATION, DISTRIBUTION, ETC. (IMPRINT) | |
| Place of publication, distribution, etc | नई दिल्ली |
| Date of publication, distribution, etc | 2011 |
| Name of publisher, distributor, etc | धनलक्ष्मी पब्लिकेशन |
| 270 ## - ADDRESS | |
| City | नई दिल्ली |
| Address | 1075/-2, न.-1,प्रथम तल ओल्ड पोस्ट ऑफिस बिल्डिंग, महरोली |
| Postal code | 110030 |
| 300 1# - PHYSICAL DESCRIPTION | |
| Extent | 151पृ |
| Dimensions | 22सेमी (सजिल्द) |
| 490 ## - SERIES STATEMENT | |
| Series statement | झारखण्ड के क्रान्तिदूत की जीवन गाथा |
| -- | 50072 |
| 650 ## - SUBJECT ADDED ENTRY--TOPICAL TERM | |
| 9 (RLIN) | 657 |
| 650 ## - SUBJECT ADDED ENTRY--TOPICAL TERM | |
| 9 (RLIN) | 34273 |
| 700 ## - ADDED ENTRY--PERSONAL NAME | |
| 9 (RLIN) | 34278 |
| 710 ## - ADDED ENTRY--CORPORATE NAME | |
| 9 (RLIN) | 34811 |
| 710 ## - ADDED ENTRY--CORPORATE NAME | |
| 9 (RLIN) | 35049 |
| 942 ## - ADDED ENTRY ELEMENTS (KOHA) | |
| Source of classification or shelving scheme | Dewey Decimal Classification |
| Item type | Hindi Books |
| Call number suffix | शर्माप |
| Classification part | 920 |
| Withdrawn status | Lost status | Source of classification or shelving scheme | Damaged status | Not for loan | Collection code | Home library | Current library | Date acquired | Source of acquisition | Cost, normal purchase price | Total Checkouts | Full call number | Barcode | Date last seen | Copy number | Cost, replacement price | Koha item type |
|---|---|---|---|---|---|---|---|---|---|---|---|---|---|---|---|---|---|
| Dewey Decimal Classification | Non-fiction | Central Library | Central Library | 11/07/2012 | रिसर्चो बुक सेंटर/ 28334/30.03.12/36/20.03.12/30.03.12 | 250.00 | 920 शर्माप | B-477788 | 11/07/2012 | 1 | 250.00 | Hindi Books | |||||
| Dewey Decimal Classification | Not For Loan | Non-fiction | D.B.Act.Division | D.B.Act.Division | 17/10/2011 | DBAD/PUB | 250.00 | 920 शर्माप | HN-66649 | 17/10/2011 | 1 | 250.00 | Hindi Books | ||||
| Dewey Decimal Classification | Non-fiction | Patel Nagar | Patel Nagar | 11/07/2012 | रिसर्चो बुक सेंटर/ 28334/30.03.12/36/20.03.12/30.03.12 | 250.00 | 2 | 920 शर्माप | B-477789 | 12/09/2023 | 1 | 250.00 | Hindi Books | ||||
| Dewey Decimal Classification | Non-fiction | Sarojini Nagar | Sarojini Nagar | 11/07/2012 | रिसर्चो बुक सेंटर/ 28334/30.03.12/36/20.03.12/30.03.12 | 250.00 | 920 शर्माप | B-477790 | 11/07/2012 | 1 | 250.00 | Hindi Books |
